000 00533nam a22001817a 4500
999 _c3350
_d3350
003 AR-CdUCM
008 190306b ||||| |||| 00| 0 spa d
040 _aMUNICIPALIDAD PROVINCIAL DEL CUSCO
_cBIBLIOTECA MUNICIPAL DEL CUSCO
082 _a869.57 /
_bV67
100 _aVillena Vega, Nataly
_911106
245 _aAzul /
260 _aCusco :
_bInstituto Nacional de Cultura Cusco,
_c2005.
300 _a108 páginas ;
_c21 cm.
650 _aNovela cusqueña
_9779
650 _aSiglo XXI
_92856
942 _2ddc
_cLIBROS
945 _aafb